Materials d'informació i orientació socioprofessional [Recurs electrònic] / Diputació de Barcelona. Xarxa de Municipis. Àrea d'Educació
Descripción Física:
1 disc òptic (CD-ROM) ; 15 cm
MARC
| LEADER | 00000nam a2200000Ia 4500 | ||
|---|---|---|---|
| 001 | 18144 | ||
| 008 | 160829s2004 xx 000 0 cat d | ||
| 080 | |a CD-2-16 | ||
| 110 | |a Barcelona (Catalunya : Província). |b Àrea d'Educació |9 8009 | ||
| 245 | |a Materials d'informació i orientació socioprofessional [Recurs electrònic] / Diputació de Barcelona. Xarxa de Municipis. Àrea d'Educació | ||
| 250 | |a 2a ed. | ||
| 260 | |a Barcelona: |b Diputació , |c 2004 | ||
| 300 | |a 1 disc òptic (CD-ROM) ; |c 15 cm | ||
| 590 | |a Editat dins el projecte Elionor, iniciativa Europea EQual | ||
| 590 | |a Requeriments mínims: Internet Explorer 5.0 o superior | ||
| 650 | 0 | |a Orientació professional |x Barcelona (Catalunya : Província) |9 27396 | |
| 710 | 2 | |a Elionor (Programa) |9 53919 | |
| 901 | |a Arxiu | ||
| 942 | |n 1 | ||
| 952 | |0 0 |1 0 |4 0 |6 CD216 |7 1 |9 48282 |a Arxiu |b Arxiu |d 2016-12-01 |l 0 |o CD-2-16 |p 18144 |r 2016-12-01 00:00:00 |w 2016-12-01 |y ARXIU | ||
| 999 | |c 52088 |d 52088 | ||